Cuenta conmigo: para aprender más y mejor
Guardat en:
| Autor corporatiu: | |
|---|---|
| Format: | Llibre |
| Idioma: | espanyol |
| Publicat: |
Santiago
Mineduc
2003
|
| Col·lecció: | Campaña: Lectura, Escritura, Matemática
LEM |
| Matèries: | |
| Etiquetes: |
Afegir etiqueta
Sense etiquetes, Sigues el primer a etiquetar aquest registre!
|
MARC
| LEADER | 00000nam a2200000 a 4500 | ||
|---|---|---|---|
| 001 | UCK5588 | ||
| 003 | CL-VaPUC | ||
| 008 | 050805e20030000cl |||||||||||||||||spa|d | ||
| 082 | 0 | 4 | |a 371.3 |b MIN |2 21 |
| 110 | 2 | |a Ministerio de Educación |e author |9 494426 | |
| 245 | 1 | 0 | |a Cuenta conmigo: para aprender más y mejor |
| 300 | |a 44 p | ||
| 942 | |c BK | ||
| 945 | |d 20050805 00:00:00 |a jcarroza | ||
| 260 | |a Santiago |b Mineduc |c 2003 | ||
| 650 | 0 | |a Educación básica |9 224933 | |
| 650 | 0 | |a Métodos de enseñanza |9 270413 | |
| 650 | 7 | |a PARTICIPACION DE LOS PADRES |2 CL-VaPUC |9 494427 | |
| 583 | |a last modification |c 20171123 01:32:39 |k Rodrigo Vera | ||
| 490 | 0 | |a Campaña: Lectura, Escritura, Matemática | |
| 490 | 0 | |a LEM | |
| 999 | |c 314090 |d 314088 | ||
| 952 | |0 0 |1 0 |4 0 |6 371_300000000000000_MIN_2003 |7 0 |8 A |9 385998 |a BIBEDU |b BIBEDU |d 2019-11-22 |i 4084632 |o 371.3 MIN 2003 |p 4084632 |r 2019-11-22 |w 2019-11-22 |y BK |k EBA | ||
| 952 | |0 0 |1 0 |4 0 |6 371_300000000000000_MIN_2003 |7 0 |8 A |9 385999 |a BIBEDU |b BIBEDU |d 2019-11-22 |i 4221990 |o 371.3 MIN 2003 |p 4221990 |r 2019-11-22 |w 2019-11-22 |y BK |k EBA | ||
| 952 | |0 0 |1 0 |4 0 |6 371_300000000000000_MIN_2003 |7 0 |8 A |9 386000 |a BIBEDU |b BIBEDU |d 2019-11-22 |i 4222008 |o 371.3 MIN 2003 |p 4222008 |r 2019-11-22 |w 2019-11-22 |y BK |k EBA | ||
| 952 | |0 0 |1 0 |4 0 |6 371_300000000000000_MIN_2003 |7 0 |8 A |9 386001 |a BIBEDU |b BIBEDU |d 2019-11-22 |i 4222016 |o 371.3 MIN 2003 |p 4222016 |r 2019-11-22 |w 2019-11-22 |y BK |k EBA | ||